=LDR 00000nam 2200000 4500 =001 INLIS000000000001499 =005 20130612085911 =008 ***********************************Ind** =035 ##$$0010-061300000001499 =041 ##$$a Ind =082 ##$$a 340 =090 ##$$a 340, Rah-i =100 ##$$a RAHARJO, Sucipto =245 ##$$a Ilmu hukum, Satjipto Rahardjo =260 ##$$a 1996 $b Bandung =300 ##$$a xii, 368 hlm, ilus, 21 cm =650 ##$$a Hukum =850 ##$$a NBPNMAT =990 ##$$a 0001/BPAP-NTB/2016